000 00856nam a2200229Ii 4500
003 JO-AjNU
008 230605s9999||||xx |||||||||||||| ||und||
017 _a1991/9724
020 _a977-5083-69-9
040 _aJO-AjNU
_bara
_erda
_cJO-AjNU
041 _aara
050 1 4 _aPJ6161.K4288 1992
100 3 _aتاليف خفاجى،محمد عبد المنعم؛م.مشارك محمد السعدي فرهود؛م.مشارك عبد العزيز شرف,
_eauthor
_919749
245 0 0 _aالأسلوبية..والبيان العربي
250 _aط1
264 3 1 _aالقاهرة: الدار المصرية اللبنانية، 1992
300 _a174ص
336 _atext
_btxt
_2rdacontent
337 _aunmediated
_bn
_2rdamedia
338 _avolume
_bnc
_2rdacarrier
650 4 _aالاسلوبية-البيان العربيعلم البيان
_919750
999 _aA6572
_c10140
_d10140